Visualizzazione normale
Vista MARC
- Livi, Antonio,
di Personal Name
Records bibliografici associati: 1
001 - CONTROL NUMBER
- control field: 58508
003 - CONTROL NUMBER IDENTIFIER
- control field:
005 - DATE AND TIME OF LATEST TRANSACTION
- control field: 20200914145958.0
008 - FIXED-LENGTH DATA ELEMENTS
- fixed length control field: 200914|| aca||aabn | a|a d
040 ## - CATALOGING SOURCE
- Original cataloging agency:
- Transcribing agency:
100 ## - HEADING--PERSONAL NAME
- Personal name: Livi, Antonio,
- Titles and other words associated with a name: sac.,
- Dates associated with a name: 1938-2020
670 ## - SOURCE DATA FOUND
- Source citation: Work cat.: ()0: Livi, Antonio, sac., 1938-2020, Vera e falsa teologia :, 2018 (quarta edizione con appendice).